00507 2200193 4500001002100000005001500021008004100036020001800077035001900095041000700114082000900121090001400130100003400144245002800178250001100206260003500217300003100252650003000283INLIS00000000001455620241224114752241224||||||||| | ||| |||| || |  a979-489-466-4 0010-1224014556 aid0 a636. a636.NAZ s0 anazarudin dan antonius widodo00asukses merumahkan walet acet.xv aJakartabPenebar Swadayac2008 a90 hlm.; 14,5 cm x 20,5 cm 0akepedulian terhadap hewan